[Event "Valjevo Gvozdenovic Memorial"]
[Site "Valjevo"]
[Date "2016.12.08"]
[Round "5"]
[White "Paramentic, Mila"]
[Black "Tomic, Stefan"]
[Result "1-0"]
[WhiteElo "1920"]
[BlackElo "1666"]
[PlyCount "93"]
[EventDate "2016.12.05"]
[EventType "swiss"]
[EventRounds "9"]
[EventCountry "SRB"]
[EventCategory "5"]
[SourceTitle "CBM 176 Extra"]
[Source "ChessBase"]
[SourceDate "2017.03.02"]
[SourceVersion "1"]
[SourceVersionDate "2017.03.02"]
[SourceQuality "1"]

1. e4 e5 2. Nf3 Nc6 3. d4 exd4 4. Bc4 d6 5. Nxd4 Nxd4 6. Qxd4 Nf6 7. Nc3 Be7 8. 0-0 0-0 9. h3 h6 10. Be3 Be6 11. Bxe6 fxe6 12. e5 Nd7 13. exd6 Bxd6 14. Qg4 Qf6 15. Ne4 Qf5 16. Qxf5 exf5 17. Nxd6 cxd6 18. Bf4 Ne5 19. Rad1 Rad8 20. Rd5 Rfe8 21. Rfd1 Ng6 22. Bxd6 Re2 23. R5d2 Rxd2 24. Rxd2 a5 25. Kf1 Ne5 26. b3 Kf7 27. Ke1 Re8 28. Re2 Nc6 29. Rxe8 Kxe8 30. a4 g5 31. Kd2 Kd7 32. Bf8 h5 33. Bh6 g4 34. h4 Ke6 35. Bg7 Ne5 36. Ke3 Ng6 37. g3 Kd5 38. Bc3 b6 39. Bf6 Kc5 40. c3 Kd5 41. Kd3 Kc6 42. Kc4 Nf8 43. b4 Ne6 44. Be5 Nd8 45. b5+ Kd7 46. Kd5 Ne6 47. Bd4 1-0

[Event "SRB-chT (Women)"]
[Site "Koncarevo"]
[Date "2015.10.24"]
[Round "3"]
[White "Paramentic, Mila"]
[Black "Petrovic, Marija"]
[Result "1-0"]
[WhiteElo "1915"]
[BlackElo "1468"]
[PlyCount "133"]
[EventDate "2015.10.24"]
[EventType "team-tourn"]
[EventRounds "5"]
[EventCountry "SRB"]
[SourceTitle "EXT 2022"]
[Source "ChessBase"]
[SourceDate "2021.10.06"]
[SourceVersion "1"]
[SourceVersionDate "2021.10.06"]
[SourceQuality "1"]

1. e4 c5 2. Nc3 e6 3. Nge2 a6 4. d4 cxd4 5. Nxd4 Qc7 6. a3 b5 7. Be2 Nf6 8. 0-0 Bb7 9. f3 d6 10. Be3 Nbd7 11. Qd2 Be7 12. Rfd1 0-0 13. Bf1 Rac8 14. Qf2 Ne5 15. Nb3 Nc4 16. Bxc4 Qxc4 17. Na5 Qc7 18. Nxb7 Qxb7 19. Rd2 Rfd8 20. Bb6 Re8 21. Rad1 Rc6 22. Be3 Nd7 23. Na2 Qb8 24. Nb4 Rcc8 25. Nxa6 Qb7 26. Nb4 Ne5 27. b3 Qa8 28. Ra1 Red8 29. Nd3 Ng6 30. a4 d5 31. exd5 Rxd5 32. a5 Bf6 33. Ra2 Bc3 34. Rd1 b4 35. a6 Rd6 36. a7 Ne5 37. Qe2 Nc6 38. Nf4 Rxd1+ 39. Qxd1 Rd8 40. Qe2 Bd4 41. Nd3 Bxa7 42. Bxa7 Nxa7 43. Qe3 Rd7 44. Ra4 Qb8 45. Rxb4 Qc8 46. Rc4 Rc7 47. Rxc7 Qxc7 48. c4 Qa5 49. h3 Qa1+ 50. Kh2 h6 51. b4 Qc3 52. c5 Qc4 53. Qe4 Qa6 54. Qa8+ Kh7 55. Ne5 f6 56. Qe4+ Kg8 57. Qa8+ Kh7 58. Nf7 Kg6 59. Nd6 Kh7 60. Qe4+ Kg8 61. Qxe6+ Kh7 62. Qe4+ Kg8 63. Qa8+ Kh7 64. b5 Qa3 65. Qe4+ Kg8 66. Qd5+ Kh7 67. b6 1-0

[Event "EU-ch (Women) 14th"]
[Site "Belgrade"]
[Date "2013.07.29"]
[Round "7"]
[White "Jankovic, Milanka"]
[Black "Paramentic, Mila"]
[Result "0-1"]
[WhiteElo "1619"]
[BlackElo "1936"]
[PlyCount "118"]
[EventDate "2013.07.23"]
[EventType "swiss"]
[EventRounds "11"]
[EventCountry "SRB"]
[SourceTitle "CBM 155 Extra"]
[Source "ChessBase"]
[SourceDate "2013.08.26"]
[SourceVersion "1"]
[SourceVersionDate "2013.08.26"]
[SourceQuality "1"]

1. d4 d5 2. Nf3 Nf6 3. Nc3 e6 4. Bf4 Bd6 5. Qd2 a6 6. h3 b5 7. Bxd6 Qxd6 8. a3 Nbd7 9. b4 Nb6 10. e3 Bb7 11. Bd3 Nc4 12. Qe2 h6 13. Bxc4 dxc4 14. 0-0 0-0 15. Rfd1 Rfd8 16. Rd2 Qc6 17. Re1 a5 18. e4 axb4 19. axb4 Ra3 20. Nb1 Ra1 21. c3 Nxe4 22. Ra2 Rxa2 23. Qxa2 Ra8 24. Qc2 Ra1 25. Ne5 Qd5 26. f3 Ng3 27. Kh2 Nf5 28. Qf2 Qd6 29. g3 Qa6 30. Kg1 Ra2 31. Re2 Rxe2 32. Qxe2 Nxg3 33. Qc2 Nf5 34. Kf2 Nh4 35. Nd2 Qa1 36. Nb1 Bd5 37. Kg3 Nf5+ 38. Kf2 Nxd4 39. Qc1 Nf5 40. Qc2 Nh4 41. f4 Nf5 42. Nd7 Nd6 43. Nc5 f5 44. Ke3 Ne4 45. Kd4 Nxc5 46. bxc5 Be4 47. Qd1 Qxb1 48. Qxb1 Bxb1 49. Ke5 c6 50. Kxe6 g5 51. Ke5 Kf7 52. fxg5 hxg5 53. Kd6 Be4 54. Ke5 Kg6 55. Kd4 Kh5 56. Ke3 Kh4 57. Kf2 Kxh3 58. Kg1 g4 59. Kf1 Kh2 0-1

[Event "SRB-chT (Women)"]
[Site "Valjevo"]
[Date "2012.09.27"]
[Round "11.3"]
[White "Tadic, Katarina"]
[Black "Paramentic, Mila"]
[Result "1/2-1/2"]
[WhiteElo "2065"]
[BlackElo "1930"]
[PlyCount "57"]
[EventDate "2012.09.17"]
[EventType "team-tourn"]
[EventRounds "11"]
[EventCountry "SRB"]
[SourceTitle "CBM 150 Extra"]
[Source "ChessBase"]
[SourceDate "2012.10.19"]
[SourceVersion "1"]
[SourceVersionDate "2012.10.19"]
[SourceQuality "1"]
[WhiteTeam "Mitrovica Rudar (W)"]
[BlackTeam "Pozarevac (W)"]
[WhiteTeamCountry "SRB"]
[BlackTeamCountry "SRB"]

1. Nf3 Nf6 2. c4 d5 3. d4 e6 4. g3 c6 5. Qc2 Bd6 6. Bg2 Nbd7 7. 0-0 0-0 8. Rd1 Re8 9. a3 Qe7 10. Bg5 h6 11. Bxf6 Qxf6 12. Nc3 Bb8 13. e4 dxe4 14. Nxe4 Qe7 15. Rac1 Nf6 16. Ne5 Nxe4 17. Qxe4 Bd7 18. c5 Bc7 19. b4 a6 20. f4 Rad8 21. Rd2 Bc8 22. Rcd1 Bd7 23. Qc2 Qf6 24. Nc4 Qe7 25. Re1 Qf8 26. Bh3 Bc8 27. Ne5 Qe7 28. Nf3 Qf6 29. Rde2 1/2-1/2

[Event "SRB-chT (Women)"]
[Site "Valjevo"]
[Date "2012.09.20"]
[Round "4.1"]
[White "Rakic, Marija"]
[Black "Paramentic, Mila"]
[Result "1-0"]
[WhiteElo "2300"]
[BlackElo "1930"]
[PlyCount "83"]
[EventDate "2012.09.17"]
[EventType "team-tourn"]
[EventRounds "11"]
[EventCountry "SRB"]
[SourceTitle "CBM 150 Extra"]
[Source "ChessBase"]
[SourceDate "2012.10.19"]
[SourceVersion "1"]
[SourceVersionDate "2012.10.19"]
[SourceQuality "1"]
[WhiteTeam "Goracici Jelica (W)"]
[BlackTeam "Pozarevac (W)"]
[WhiteTeamCountry "SRB"]
[BlackTeamCountry "SRB"]

1. d4 d5 2. c4 e6 3. Nc3 Nf6 4. cxd5 exd5 5. Bg5 Be7 6. e3 Nbd7 7. Bd3 c6 8. Qc2 0-0 9. Nge2 Re8 10. 0-0 Ne4 11. Bxe4 dxe4 12. Bf4 f5 13. Nb5 Nf6 14. Nc7 Bd7 15. Qb3+ Kh8 16. Nxe8 Qxe8 17. Qxb7 Nd5 18. Bg3 a5 19. Qb3 g5 20. Be5+ Kg8 21. f3 exf3 22. gxf3 a4 23. Qd3 a3 24. b3 Be6 25. Rf2 Nb4 26. Qd2 Rd8 27. e4 f4 28. Nxf4 gxf4 29. Rg2+ Kf8 30. Bg7+ Kg8 31. Bh6+ Kh8 32. Bg7+ Kg8 33. d5 Bh3 34. Bf6+ Kf8 35. Qxf4 Bc5+ 36. Bd4+ Qf7 37. Bxc5+ Ke8 38. Qxf7+ Kxf7 39. Rg3 Nd3 40. Bb6 Rg8 41. dxc6 Rxg3+ 42. hxg3 1-0

[Event "SRB-chT Central (Women)"]
[Site "Zajecar"]
[Date "2010.10.31"]
[Round "3.1"]
[White "Paramentic, Mila"]
[Black "Krstic, Natasa"]
[Result "1-0"]
[WhiteElo "1970"]
[BlackElo "1658"]
[PlyCount "81"]
[EventDate "2010.10.30"]
[EventType "team"]
[EventRounds "3"]
[EventCountry "SRB"]
[SourceTitle "EXT 2012"]
[Source "ChessBase"]
[SourceDate "2011.11.24"]
[SourceVersion "1"]
[SourceVersionDate "2011.11.24"]
[SourceQuality "1"]

1. e4 c5 2. Nc3 Nc6 3. g3 g6 4. Bg2 Bg7 5. d3 e6 6. Be3 Nge7 7. Qd2 d6 8. Nge2 Nd4 9. 0-0 Nec6 10. Nd1 Qa5 11. Nxd4 Qxd2 12. Bxd2 cxd4 13. f4 0-0 14. c3 Rb8 15. c4 a5 16. a3 a4 17. Rb1 Bd7 18. b4 axb3 19. Rxb3 Rfd8 20. Nb2 Ra8 21. a4 Rdb8 22. Ra1 Na5 23. Rba3 Bf8 24. Bxa5 Rxa5 25. R3a2 Rba8 26. Bf3 e5 27. Kf2 b5 28. cxb5 Bxb5 29. Bd1 Bh6 30. Kf3 Bf8 31. Bb3 Bc6 32. Nc4 Rc5 33. a5 exf4 34. Nb6 Rb8 35. gxf4 Rc3 36. Bc4 Re8 37. a6 d5 38. Nxd5 Bxd5 39. exd5 Re3+ 40. Kf2 Bc5 41. d6 1-0

[Event "SRB-chT (Women) 1st"]
[Site "Zlatibor"]
[Date "2007.08.27"]
[Round "7"]
[White "Paramentic, Mila"]
[Black "Olarasu, Gabriela"]
[Result "0-1"]
[WhiteElo "1987"]
[BlackElo "2283"]
[PlyCount "96"]
[EventDate "2007.08.21"]
[EventType "team"]
[EventRounds "11"]
[EventCountry "YUG"]
[SourceTitle "CBM 120 Extra"]
[Source "ChessBase"]
[SourceDate "2007.11.01"]
[SourceVersion "1"]
[SourceVersionDate "2007.11.01"]
[SourceQuality "1"]

1. e4 e5 2. Nf3 d6 3. d4 exd4 4. Nxd4 Nf6 5. Nc3 Be7 6. Bc4 0-0 7. 0-0 c6 8. a4 a5 9. h3 Re8 10. Re1 Bf8 11. Bg5 Nbd7 12. Ba2 Ne5 13. Qd2 Ng6 14. Rad1 h6 15. Bf4 Nxf4 16. Qxf4 Qe7 17. Nf5 Bxf5 18. Qxf5 Qe5 19. Qxe5 dxe5 20. Re3 Bc5 21. Red3 Rf8 22. g3 Bd4 23. Re1 Rad8 24. Kg2 Bxc3 25. Rxc3 Rd4 26. Rc4 Rfd8 27. Bb3 Rxc4 28. Bxc4 Rd4 29. b3 Rxe4 30. Rxe4 Nxe4 31. f3 Nd6 32. Bd3 f5 33. Kf2 Kf7 34. Ke3 Ke6 35. h4 g5 36. hxg5 hxg5 37. Bf1 b5 38. Bd3 bxa4 39. bxa4 Kd5 40. Be2 Nc4+ 41. Kd3 Nb2+ 42. Kc3 Nxa4+ 43. Kb3 Nc5+ 44. Kc3 e4 45. Bc4+ Ke5 46. Be2 exf3 47. Bxf3 Ne4+ 48. Kb3 Nd2+ 0-1

[Event "Serbia-chT (Women)"]
[Site "Zlatibor"]
[Date "2006.09.03"]
[Round "9"]
[White "Prudnikova, Svetlana"]
[Black "Paramentic, Mila"]
[Result "1-0"]
[WhiteElo "2351"]
[BlackElo "1999"]
[PlyCount "53"]
[EventDate "2006.08.26"]
[EventType "team"]
[EventRounds "9"]
[EventCountry "YUG"]
[SourceTitle "EXT 2007"]
[Source "ChessBase"]
[SourceDate "2006.11.23"]
[SourceVersion "1"]
[SourceVersionDate "2006.11.23"]
[SourceQuality "1"]

1. d4 d5 2. c4 e6 3. Nc3 Nf6 4. Nf3 Be7 5. Qc2 0-0 6. Bg5 h6 7. Bh4 b6 8. cxd5 exd5 9. e3 Be6 10. Be2 Nbd7 11. 0-0 c5 12. Rfd1 Re8 13. Ne5 Nxe5 14. dxe5 Ng4 15. Bg3 f6 16. Nxd5 Qc8 17. Nxe7+ Rxe7 18. exf6 Nxf6 19. Bf3 Bg4 20. Qc4+ Kh8 21. Bxg4 Nxg4 22. Rd6 Qf5 23. Rad1 Rae8 24. Rd8 Re4 25. Qc2 Qf7 26. Qxe4 Nf6 27. Rxe8+ 1-0

[Event "SCG-chT (Women)"]
[Site "Budva"]
[Date "2004.09.19"]
[Round "11.3"]
[White "Stojanovic, Andjelija"]
[Black "Paramentic, Mila"]
[Result "1-0"]
[WhiteElo "2136"]
[BlackElo "2007"]
[PlyCount "133"]
[EventDate "2004.09.08"]
[EventType "team"]
[EventRounds "11"]
[EventCountry "YUG"]
[SourceTitle "CBM 102 Extra"]
[Source "ChessBase"]
[SourceDate "2004.11.03"]
[SourceVersion "1"]
[SourceVersionDate "2004.11.03"]
[SourceQuality "1"]
[WhiteTeam "05"]
[BlackTeam "09"]
[WhiteTeamCountry "YUG"]
[BlackTeamCountry "YUG"]

1. Nf3 d5 2. g3 Nf6 3. Bg2 e6 4. 0-0 Be7 5. d4 0-0 6. b3 Nbd7 7. Bb2 c6 8. c4 b6 9. Nbd2 Bb7 10. Rc1 Rc8 11. e3 Qc7 12. Qe2 Qb8 13. Rfe1 Rfd8 14. a3 c5 15. Bh3 dxc4 16. bxc4 Rc7 17. Red1 Bc6 18. Ne5 Nxe5 19. dxe5 Ne4 20. Nb1 Ng5 21. Bg2 Bxg2 22. Kxg2 Qb7+ 23. f3 h6 24. Rxd8+ Bxd8 25. h4 Nh7 26. Nc3 Rd7 27. Rd1 Be7 28. Rd3 Qc7 29. Ne4 Qd8 30. Rxd7 Qxd7 31. Qd2 Qxd2+ 32. Nxd2 Bd8 33. f4 Nf8 34. Kf3 Nd7 35. Ke4 Kf8 36. h5 Ke7 37. Bc3 Bc7 38. Nf3 a6 39. a4 Nb8 40. g4 Nd7 41. Be1 Nb8 42. Bh4+ Kf8 43. Be1 Nc6 44. Bc3 Na7 45. Kd3 b5 46. axb5 axb5 47. cxb5 Nxb5 48. Bb2 Bb6 49. Kc4 Nc7 50. Ba3 Nd5 51. Bc1 Nb4 52. Kb5 Bd8 53. Kc4 Be7 54. Nd2 Nd5 55. Ne4 Nb6+ 56. Kb5 Nd7 57. Ba3 Ke8 58. Nxc5 Nb8 59. Bb4 Bh4 60. Ne4 Be7 61. Bxe7 Kxe7 62. Nc5 Kd8 63. Kb6 Kc8 64. e4 Kd8 65. g5 Kc8 66. f5 hxg5 67. f6 1-0

[Event "SCG-chT (Women)"]
[Site "Budva"]
[Date "2004.09.09"]
[Round "2.3"]
[White "Paramentic, Mila"]
[Black "Nikolic, Mila"]
[Result "0-1"]
[WhiteElo "2007"]
[BlackElo "1982"]
[PlyCount "80"]
[EventDate "2004.09.08"]
[EventType "team"]
[EventRounds "11"]
[EventCountry "YUG"]
[SourceTitle "CBM 102 Extra"]
[Source "ChessBase"]
[SourceDate "2004.11.03"]
[SourceVersion "1"]
[SourceVersionDate "2004.11.03"]
[SourceQuality "1"]
[WhiteTeam "09"]
[BlackTeam "06"]
[WhiteTeamCountry "YUG"]
[BlackTeamCountry "YUG"]

1. e4 Nf6 2. e5 Nd5 3. c4 Nb6 4. c5 Nd5 5. Bc4 e6 6. Nc3 Nxc3 7. dxc3 Nc6 8. Bf4 Bxc5 9. Qg4 g6 10. Nf3 Bf8 11. Bg5 Be7 12. Bh6 Bf8 13. Bxf8 Kxf8 14. h4 h5 15. Qf4 Kg7 16. 0-0-0 Qe7 17. Ng5 b6 18. Rd2 Bb7 19. Rhd1 Rad8 20. f3 a6 21. Bb3 Na5 22. Bc2 b5 23. Qd4 Nc4 24. Re2 Bd5 25. Kb1 b4 26. cxb4 Qxb4 27. Bb3 c5 28. Qf2 a5 29. Bxc4 Qxc4 30. b3 Qb4 31. Rb2 Rb8 32. Rc1 Rhc8 33. g4 a4 34. bxa4 Qxa4 35. Ka1 c4 36. gxh5 c3 37. h6+ Kxh6 38. Rxb8 Rxb8 39. Qc2 Qa3 40. Rb1 Ra8 0-1

[Event "Serbia-ch (Women)"]
[Site "Leskovac"]
[Date "2002.02.16"]
[Round "2"]
[White "Mladenovic, Jelena"]
[Black "Paramentic, Mila"]
[Result "1-0"]
[WhiteElo "2122"]
[BlackElo "2042"]
[PlyCount "109"]
[EventDate "2002.02.15"]
[EventType "swiss"]
[EventRounds "9"]
[EventCountry "YUG"]
[SourceTitle "CBM 086 Extra"]
[Source "ChessBase"]
[SourceDate "2002.03.14"]
[SourceVersion "1"]
[SourceVersionDate "2002.03.14"]
[SourceQuality "1"]

1. e4 e5 2. Nf3 Nc6 3. d4 exd4 4. Nxd4 Nf6 5. Nxc6 bxc6 6. Bd3 d5 7. exd5 cxd5 8. 0-0 Be7 9. Bf4 0-0 10. Nc3 c6 11. Ne2 c5 12. c3 Bd6 13. Qd2 Qc7 14. Bxd6 Qxd6 15. Ng3 Rb8 16. Rfe1 Be6 17. Rad1 Qb6 18. b3 Rfe8 19. h3 Rbd8 20. Re5 Nd7 21. Rh5 Nf6 22. Re5 c4 23. Bc2 d4 24. cxd4 cxb3 25. axb3 Rd7 26. Nh5 Nxh5 27. Rxh5 Red8 28. Bxh7+ Kf8 29. Bc2 Kg8 30. Bh7+ Kf8 31. Bc2 Kg8 32. Qg5 Rxd4 33. Rxd4 Qxd4 34. Rh4 Qd6 35. Qh5 Kf8 36. Qh8+ Ke7 37. Qxg7 Rc8 38. Qg5+ Kd7 39. Qb5+ Ke7 40. Qg5+ Kd7 41. Be4 Qd1+ 42. Kh2 Rc1 43. Qb5+ Ke7 44. Qb7+ Kf6 45. Rh6+ Kg7 46. Rxe6 Qg1+ 47. Kg3 Rc3+ 48. Bf3 Qb1 49. Re4 Rxb3 50. Rg4+ Kf8 51. Qc8+ Ke7 52. Qc7+ Ke6 53. Qc6+ Ke7 54. Re4+ Kd8 55. Re8# 1-0

[Event "YUG-ch sf (Women)"]
[Site "Belgrade"]
[Date "1999.??.??"]
[Round "6"]
[White "Jovanovic, Slavojka"]
[Black "Paramentic, Mila"]
[Result "0-1"]
[WhiteElo "2055"]
[BlackElo "2058"]
[PlyCount "102"]
[EventDate "1999.??.??"]
[EventType "swiss"]
[EventRounds "11"]
[EventCountry "YUG"]
[SourceTitle "EXT 2002"]
[Source "ChessBase"]
[SourceDate "2001.11.25"]
[SourceVersion "1"]
[SourceVersionDate "2001.11.25"]
[SourceQuality "1"]

1. d4 d5 2. Nf3 Nf6 3. c4 e6 4. Nc3 Be7 5. cxd5 exd5 6. Qc2 c6 7. Bg5 Nbd7 8. e3 0-0 9. Bd3 Re8 10. 0-0 Nf8 11. a3 g6 12. b4 a6 13. Rab1 Ne6 14. Bh4 Ng7 15. a4 Bf5 16. b5 axb5 17. axb5 Bxd3 18. Qxd3 Ra3 19. Bxf6 Bxf6 20. bxc6 bxc6 21. Rfc1 Nf5 22. Qd2 Nd6 23. Qb2 Nc4 24. Qb7 Qd6 25. Nd1 Ra2 26. Nc3 Ra5 27. Rb3 Qe6 28. h3 Rea8 29. Qc7 Kg7 30. Rcb1 Bd8 31. Qf4 Be7 32. Qg4 Qf6 33. Rb7 h5 34. Qd7 Bd6 35. Ne5 Bxe5 36. dxe5 Nxe5 37. Qc7 Nc4 38. Ne2 Ra2 39. Nf4 Re8 40. Kh2 Rxf2 41. Rd1 Nxe3 42. Rd4 Nf5 43. Ra4 Nd6 44. Nd3 Rf1 45. Rb6 Nc4 46. Rxc6 Qd4 47. Nc5 Qg1+ 48. Kg3 Qf2+ 49. Kh2 h4 50. Rxg6+ Kxg6 51. Ra6+ Kh7 0-1